000 00526nam a2200181Ia 4500
005 20250326140550.0
008 250326s9999 xx 000 0 und d
037 _aTextbook
040 _aFMSL
_beng
_cFMSL
041 _aeng
_2eng
084 _aX3 N9
_qFMSL
100 _aPereira B
_9742585
245 0 _aChanging faces: a recollection of a journal in the business of communication
_cPereira B
260 _aMumbai
_bMumbai, Himalaya
_c1999
300 _a264p
942 _cTB
_hX3 N9
999 _c1286337
_d1286337